000 00940nam a22002177a 4500
003 OSt
005 20260213091320.0
008 231010b ||||| |||| 00| 0 eng d
040 _c0
082 _aDPer 647.95 J826 January-December 2020 v. 23 n. 1-6
100 _aNdofirepi, Takawira Munyaradzi.
_eauthor.
_949578
245 _aGendering the voiced complaining behavior of customers in small restaurant environments :
_ba case of college students in Zimbabwe /
_cTakawira Munyaradzi Ndofirepi.
260 _aUSA ;
_bTaylor & Francis Group ,
_cNovember-December 2020.
300 _aVolume 23, pages 473-498 :
_billustration ;
_c26 cm.
500 _aJournal of Food Service Business Research, vol. 23, no. 6, pages 473-498, November-December 2020.
650 _aRestaurants.
_949579
650 0 _aStudents.
_919468
650 0 _aVoiced complaining.
_967129
700 _aNdofirepi, Takawira Munyaradzi.
_eauthor.
_949578
942 _2ddc
_cPER
999 _c18330
_d18330